| 000 | 01390nam a22003857a 4500 | ||
|---|---|---|---|
| 003 | CHAP | ||
| 005 | 20220817041500.0 | ||
| 008 | 971013s1979 r 00010 d | ||
| 010 | _a15761 | ||
| 011 | _a16733 | ||
| 035 | _a20815 | ||
| 040 | _cCHAP | ||
| 090 | _aTesis | ||
| 100 | 0 | 0 |
_aHinojosa Cuéllar, Gustavo Adolfo. _955514 |
| 245 | _aModelos digitales para el estudio de planes de riego , caso Distrito de Riego No. 38 Río Mayo Sonora, México | ||
| 260 |
_aChapingo, Méx. : _bEl Autor, _c1979 |
||
| 300 |
_a119 h. _b: apénd. |
||
| 502 | _aTesis (Ing. Agr. Esp. en Irrigación) -- ENA. Depto. de Irrigación | ||
| 590 |
_aALEPH _b10 _c20130110 _lUCH01 _h1238 |
||
| 590 |
_aBATCH-UPD _b10 _c20130110 _lUCH01 _h0235 |
||
| 590 |
_aBATCH-UPD _b10 _c20130110 _lUCH01 _h1246 |
||
| 590 |
_aBATCH-UPD _b10 _c20130409 _lUCH01 _h2300 |
||
| 590 |
_aBATCH-UPD _b10 _c20130410 _lUCH01 _h1539 |
||
| 590 |
_aBATCH-UPD _b10 _c20130914 _lUCH01 _h1209 |
||
| 590 |
_aCONVERSION _b10 _c20130109 _lUCH01 _h1310 |
||
| 650 | 1 | 4 | _aDistrito de Riego Río Mayo, Son. |
| 650 | 1 | 4 |
_aIrrigación _xModelos matemáticos. _960431 |
| 650 | 1 | 4 |
_aIrrigación _xProyectos. _960443 |
| 650 | 1 | 4 |
_aIrrigación _xSonora. _960483 |
| 901 | _aBK | ||
| 942 | _cFOLL | ||
| 949 |
_bBC _cTES _d-48443 _eTS1 _i20815 _si |
||
| 949 |
_bBC _cTES _d-48445 _eTS2 _fc.3 _h22113 _i20815 _si |
||
| 949 |
_bBC _cTES _d33724000981767 _eTS2 _fc.2 _i20815 _si |
||
| 999 |
_c15761 _d15761 |
||